| 000 | 00659nam a2200205 a 4500 | ||
|---|---|---|---|
| 001 | 000043626 | ||
| 005 | 20201002044903.0 | ||
| 008 | 140331s1970 sp 000 0 spa d | ||
| 040 |
_aDO-SdBNP _bspa _cBNPHU |
||
| 082 |
_a863.3 _bT585p |
||
| 100 | 1 |
_aTimoneda, Juan de _d1518-1583 _971456 |
|
| 245 | 1 | 0 |
_aEl patrañuelo / _cJuan de Timoneda; prólogo Joaquín del Moral Ruiz. |
| 260 |
_aMadrid : _bLibra, _c1970. |
||
| 300 |
_a179 p. ; _c17 cm. |
||
| 490 | 1 |
_aPurpura _v22 |
|
| 650 | 4 |
_aNovela española _ySIGLO XVI _915948 |
|
| 650 | 4 |
_aLiteratura española _ySIGLO XVI _98688 |
|
| 700 | 1 | 2 |
_aMoral Ruiz, Joaquín del _eprol. _912826 |
| 830 | 0 |
_aPurpura _n22 _971457 |
|
| 999 |
_c43115 _d43115 |
||